| 000 | 00644nam a22002177a 4500 | ||
|---|---|---|---|
| 003 | BUBTL | ||
| 008 | 171207b xxu||||| |||| 00| 0 eng d | ||
| 020 | _a81219114413 | ||
| 082 |
_21ed _a658.45/ T155p/ 2002 |
||
| 100 |
_aIshtiak, Kamruzzaman _91 |
||
| 245 |
_aA Hand Book of Practical auditing : _c B. N . Tandon, S. Sudharsanam and S. Sundharabahu |
||
| 250 | _a1st | ||
| 260 |
_aIndin _bS.Chand's _cc2002 |
||
| 300 |
_axii,820p: ill. _b21 cm. |
||
| 500 | _aIncludes index | ||
| 650 | 0 |
_2 Auditing _91639 |
|
| 700 |
_aIshtiak, Kamruzzaman _91 |
||
| 856 |
_k0 _l0 _yDownload |
||
| 942 |
_2ddc _cBK _e1st |
||
| 999 |
_c5589 _d5589 |
||